STOLICA KTÓREGO TO PAŃSTWA ? - Statystyki

Ogólne statystyki
  • Ten quiz został rozwiązany 716 razy
  • Średni wynik to 14 z 15
Statystyki odpowiedzi
Zagadnienie Odpowiedź % Poprawnych
PARYŻ FRANCJA
100%
MADRYT HISZPANIA
100%
COŚ ŁATWEGO-WARSZAWA POLSKA
100%
BRUKSELA BELGIA
99%
PRAGA CZECHY
99%
BERLIN NIEMCY
98%
WIEDEŃ AUSTRIA
97%
WASZYNGTON USA
96%
CANBERRA AUSTRALIA
95%
KINGSTON JAMAJKA
94%
BUDAPESZT I BUKARESZT RUMUNIA I WĘGRY
91%
BUENOS AIRES ARGENTYNA
89%
AMSTERDAM NIDERLANDY
82%
DAKAR SENEGAL
70%
JAMUSUKRO WKS
47%
Nie znaleziono quizów pasujących do podanych kryteriów
Rozkład punktacji
Procent ludzi z każdym wynikiem
Percentyl według liczby udzielonych odpowiedzi
Twoja historia wyników
Nie rozwiązałeś tego quizu